| 000 | 00820nam a22002775 4500 | ||
|---|---|---|---|
| 001 | 190134 | ||
| 003 | ES-MaBCM | ||
| 005 | 20241016193025.0 | ||
| 008 | 120316s2011 esp spa d | ||
| 017 | _aB.28709-2011 | ||
| 020 | _a978-84-9888-365-7 | ||
| 021 | _axx | ||
| 035 | _a(OCoLC)777139282 | ||
| 040 | _cES-MaBCM | ||
| 080 | _a336.7 | ||
| 080 | _a339 | ||
| 100 | 1 |
_aMartín Belmonte, Susana _994703 |
|
| 245 | 0 | 0 |
_aNada está perdido _b: un sistema monetario y financiero alternativo y sano _cSusana Martín Belmonte |
| 260 |
_aBarcelona : _bIcaria, _c[2011] |
||
| 300 |
_a255 p. ; _c21 cm |
||
| 490 | 0 |
_aAntrazyt. Economía solidaria ; _9115314 _v360 |
|
| 504 | _aBibliografía: p. 253-255 | ||
| 650 | 2 | 7 |
_aSistema monetario europeo _960277 |
| 650 | 7 |
_aPolítica monetaria _959838 |
|
| 942 | _cBK | ||
| 999 |
_c190134 _d190134 |
||